| 000 -CABECERA |
| Longitud fija campo de control |
00540nam a2200169 a 4500 |
| 001 - NÚMERO DE CONTROL |
| Número de control |
1877 |
| 003 - IDENTIFICADOR DEL NÚMERO DE CONTROL |
| Identificador del número de control |
CDMR |
| 005 - FECHA Y HORA DE LA ÚLTIMA TRANSACCIÓN |
| Fecha y hora de la última transacción |
20130403102711.0 |
| 008 - CÓDIGOS DE INFORMACIÓN DE LONGITUD FIJA |
| Códigos de información de longitud fija |
130130s ||||||||||||||||||||||||||||d |
| 040 ## - FUENTE DE LA CATALOGACIÓN |
| Centro catalogador de origen |
CDMR |
| Lengua de catalogación |
cat |
| Centro transcriptor |
CDMR |
| 111 2# - PUNTO DE ACCESO PRINCIPAL-NOMBRE DE CONGRESO |
| Nombre de congreso o jurisdicción como elemento de entrada |
Jornada de la Prensa Agraria |
| Sede del congreso |
Lleida |
| Fecha del congreso |
1988 |
| Número del congreso o número de parte o sección de la obra |
1ª |
| 9 (RLIN) |
1196 |
| 245 13 - MENCIÓN DE TÍTULO |
| Título |
La informació agraria i la premsa comarcal |
| Resto del título |
: Fira de Sant Miquel 1988 : [programa i ponència] |
| Mención de responsabilidad, etc. |
I Jornada de la Premsa Agraria |
| 300 ## - DESCRIPCIÓN FÍSICA |
| Extensión |
[4] f ; |
| Dimensiones |
30 cm |
| 500 ## - NOTA GENERAL |
| Nota general |
Ex. fotocopiat |
| 500 ## - NOTA GENERAL |
| Nota general |
Programa en tríptic |
| 942 ## - ENTRADA DE ELEMENTOS AGREGADOS (KOHA) |
| Koha [por defecto] tipo de item |
Monografies |
| Fuente de clasificaión o esquema |
|